Least common first letters in country names - Statistics

General Stats
  • This quiz has been taken 239 times
  • The average score is 6 of 12
Answer Stats
Hint Answer % Correct
0 X
86%
0 W
77%
1 Q
70%
1 Y
69%
1 O
67%
2 Z
64%
3 J
43%
3 F
35%
4 D
31%
3 V
27%
3 R
25%
5 H
23%
No matching quizzes found
Score Distribution
Percent of People with Each Score
Percentile by Number Answered
Your Score History
You have not taken this quiz